000
00312nam a22001337a 4500
003
LRUA
005
20230517223421.0
008
230517b xxu||||| |||| 00| 0 eng d
040
_c
RUA
082
_2
JAN PUB 2006 C227 Or.
245
_a
PUBLIC POLICY REVIEW
260
_a
Phnom Penh
_b
RUA
_c
2006
942
_2
ddc
_c
REC
999
_c
21356
_d
21356